[Event "2. Bundesliga Ost 2016/2017"]
[Site "alle Wien"]
[Date "2017.03.05"]
[Round "9"]
[Board "3"]
[White "Koffler, Daniel"]
[Black "Hangweyrer, Manfred"]
[Result "0-1"]
[WhiteElo "2152"]
[BlackElo "2384"]
[PlyCount "90"]
[EventDate "2016.10.15"]
[EventType "team"]
[EventRounds "11"]
[EventCountry "AUT"]
[WhiteTeam "Blackburne Nickelsdorf 2"]
[BlackTeam "SK Austria"]

1. e4 d6 2. d4 Nf6 3. Nc3 e5 4. Nge2 Be7 5. g3 O-O 6. Bg2 c6 7. h3 b5 8. O-O
Nbd7 9. d5 cxd5 10. Nxd5 Nxd5 11. Qxd5 Rb8 12. Be3 Qc7 13. Nc3 Nf6 14. Qd3 a6
15. a3 Be6 16. Rfd1 h6 17. f4 exf4 18. gxf4 Rfc8 19. Kh1 b4 20. axb4 Rxb4 21.
Bd4 Bc4 22. Qg3 Rxb2 23. Nd5 Bxd5 24. Bxb2 Bb7 25. Rg1 g6 26. Rae1 Qxc2 27.
Bxf6 Bxf6 28. e5 Rc3 29. Qg4 h5 30. Qd7 Qb3 31. Kh2 Bc8 32. Qe8+ Kh7 33. Rgf1
Bg7 34. f5 dxe5 35. Rb1 Qa2 36. fxg6+ fxg6 37. Rb6 Rxh3+ 38. Kg1 Rg3 39. Rf2
Qa5 40. Rb8 Qe1+ 41. Rf1 Qe3+ 42. Kh2 Rxg2+ 43. Kxg2 Bh3+ 44. Kh2 Bxf1 45. Qc6
e4 0-1

[Event "2. Bundesliga Ost 2016/2017"]
[Site "alle Wien"]
[Date "2017.03.05"]
[Round "9"]
[Board "4"]
[White "Theissl-Pokorna, Regina"]
[Black "Rongitsch, Thomas"]
[Result "1-0"]
[WhiteElo "2324"]
[BlackElo "2092"]
[PlyCount "37"]
[EventDate "2016.10.15"]
[EventType "team"]
[EventRounds "11"]
[EventCountry "AUT"]
[WhiteTeam "SK Austria"]
[BlackTeam "Blackburne Nickelsdorf 2"]

1. e4 c6 2. c4 d5 3. exd5 cxd5 4. cxd5 Nf6 5. Nc3 Nxd5 6. Bc4 Nb6 7. Bb3 e6 8.
Nf3 Be7 9. d4 O-O 10. O-O Nc6 11. a3 a6 12. Qd3 Nd5 13. Bc2 g6 14. Re1 Nxc3 15.
bxc3 Bf6 16. Bh6 Re8 17. Rad1 Bd7 18. Ne5 Qc7 19. Qf3 1-0

[Event "2. Bundesliga Ost 2016/2017"]
[Site "alle Wien"]
[Date "2017.03.05"]
[Round "9"]
[Board "5"]
[White "Bachofner, Christian"]
[Black "Higatsberger, Michael"]
[Result "0-1"]
[WhiteElo "2030"]
[BlackElo "2159"]
[PlyCount "94"]
[EventDate "2016.10.15"]
[EventType "team"]
[EventRounds "11"]
[EventCountry "AUT"]
[WhiteTeam "Blackburne Nickelsdorf 2"]
[BlackTeam "SK Austria"]

1. e4 e6 2. d4 d5 3. Nc3 Nf6 4. Bg5 dxe4 5. Nxe4 Be7 6. Bxf6 gxf6 7. Nf3 f5 8.
Nc3 Qd6 9. Qd2 a6 10. g3 b5 11. Bg2 Bb7 12. O-O Nd7 13. Rad1 Nf6 14. a3 Rd8 15.
b4 h5 16. Rfe1 h4 17. Ne5 Bxg2 18. Kxg2 h3+ 19. Kg1 Nd5 20. Qd3 Bf6 21. f3 Bxe5
22. Rxe5 Nxc3 23. Qxc3 Qxe5 24. dxe5 Rxd1+ 25. Kf2 Kd7 26. Ke3 Rb8 27. Kf4 Rb6
28. g4 Rc6 29. Qb3 Rc4+ 30. Kg3 fxg4 31. fxg4 Rd2 32. Qf3 Ke8 33. Kxh3 Rcxc2
34. Qa8+ Ke7 35. Qxa6 Rxh2+ 36. Kg3 Rhg2+ 37. Kh3 Rgd2 38. Qxb5 Rd5 39. Qb7
Rc3+ 40. Kh4 Rxe5 41. a4 f6 42. Qc8 Re2 43. Kh5 Rh2+ 44. Kg6 Rg2 45. Qa6 Rxg4+
46. Kh5 f5 47. Qf1 Rc2 0-1

[Event "2. Bundesliga Ost 2016/2017"]
[Site "alle Wien"]
[Date "2017.03.05"]
[Round "9"]
[Board "6"]
[White "Iro, Christian"]
[Black "Gratze, Michael"]
[Result "1-0"]
[WhiteElo "1947"]
[BlackElo "2019"]
[PlyCount "49"]
[EventDate "2016.10.15"]
[EventType "team"]
[EventRounds "11"]
[EventCountry "AUT"]
[WhiteTeam "SK Austria"]
[BlackTeam "Blackburne Nickelsdorf 2"]

1. e4 e6 2. d4 d5 3. Nd2 c5 4. exd5 exd5 5. Bb5+ Nc6 6. Qe2+ Be7 7. dxc5 Nf6 8.
Ngf3 O-O 9. Nb3 Re8 10. Be3 Ne4 11. O-O Nxc5 12. Nxc5 Bxc5 13. Qd3 Qb6 14. Ng5
Rxe3 15. Qxh7+ Kf8 16. Qh8+ Ke7 17. Bxc6 Qxc6 18. fxe3 Bxe3+ 19. Kh1 Bxg5 20.
Rae1+ Kd6 21. Qxg7 Bd8 22. Qe5+ Kc5 23. Re3 Ba5 24. Rxf7 Qd6 25. Rc3+ 1-0

[Event "2. Bundesliga Ost 2016/2017"]
[Site "alle Wien"]
[Date "2017.03.05"]
[Round "9"]
[Board "1"]
[White "Penz, Harald"]
[Black "Markos, Jan"]
[Result "1/2-1/2"]
[WhiteElo "2315"]
[BlackElo "2572"]
[PlyCount "61"]
[EventDate "2016.10.15"]
[EventType "team"]
[EventRounds "11"]
[EventCountry "AUT"]
[WhiteTeam "SK Hietzing"]
[BlackTeam "ASVOE Pamhagen"]

1. e4 c5 2. c3 d5 3. exd5 Qxd5 4. Nf3 Nc6 5. d4 Bg4 6. Be2 e6 7. h3 Bh5 8. c4
Qd6 9. d5 Bxf3 10. Bxf3 Nd4 11. O-O e5 12. Re1 Be7 13. Nc3 Nf6 14. Be3 O-O 15.
Bxd4 exd4 16. Ne4 Nxe4 17. Rxe4 g6 18. Qd3 Qf6 19. Rae1 Bd6 20. g3 Rad8 21. Kg2
Kg7 22. Qd2 a6 23. a4 Rd7 24. b3 Re7 25. Rxe7 Bxe7 26. Be4 Bd6 27. Bd3 Qd8 28.
Re4 Re8 29. Rxe8 Qxe8 30. Qe2 Qd8 31. Qd2 1/2-1/2

[Event "2. Bundesliga Ost 2016/2017"]
[Site "alle Wien"]
[Date "2017.03.05"]
[Round "9"]
[Board "2"]
[White "Lipka, Juraj"]
[Black "Djeno, Drago"]
[Result "1-0"]
[WhiteElo "2421"]
[BlackElo "2224"]
[PlyCount "75"]
[EventDate "2016.10.15"]
[EventType "team"]
[EventRounds "11"]
[EventCountry "AUT"]
[WhiteTeam "ASVOE Pamhagen"]
[BlackTeam "SK Hietzing"]

1. Nf3 Nf6 2. c4 c5 3. g3 g6 4. Bg2 Bg7 5. O-O O-O 6. d4 cxd4 7. Nxd4 Nc6 8.
Nc3 a6 9. h3 d6 10. Be3 Bd7 11. Nb3 Ne5 12. c5 Nc4 13. Bc1 Bc6 14. cxd6 Bxg2
15. dxe7 Qxe7 16. Kxg2 b5 17. e3 Rfd8 18. Qe2 Nd5 19. Nxd5 Rxd5 20. a4 Qb4 21.
Nd4 Bxd4 22. exd4 bxa4 23. Bh6 Nxb2 24. Rfc1 Qb5 25. Qc2 Re8 26. Rcb1 Qb7 27.
Kg1 a3 28. Rxa3 Rb5 29. Rc1 Rh5 30. Re3 Rb8 31. Rb3 Rb5 32. Rc3 Rd5 33. Rc8+
Rd8 34. Rxd8+ Rxd8 35. Rb1 Qd7 36. Rxb2 Qxh3 37. Qc7 Re8 38. Qe5 1-0

[Event "2. Bundesliga Ost 2016/2017"]
[Site "alle Wien"]
[Date "2017.03.05"]
[Round "9"]
[Board "3"]
[White "Janetschek, Karl"]
[Black "Maslik, Miroslav"]
[Result "1/2-1/2"]
[WhiteElo "2184"]
[BlackElo "2355"]
[PlyCount "120"]
[EventDate "2016.10.15"]
[EventType "team"]
[EventRounds "11"]
[EventCountry "AUT"]
[WhiteTeam "SK Hietzing"]
[BlackTeam "ASVOE Pamhagen"]

1. e4 c5 2. Nf3 e6 3. d4 cxd4 4. Nxd4 Nc6 5. Nc3 Qc7 6. g3 a6 7. Bg2 Nf6 8. Nb3
d6 9. Be3 b5 10. Qe2 Be7 11. f4 Bb7 12. a3 Rc8 13. O-O O-O 14. Bf3 Na5 15. Nxa5
Qxa5 16. Rfd1 Rxc3 17. bxc3 Bxe4 18. Bd4 Bxf3 19. Qxf3 g6 20. Qb7 Nd5 21. a4
Qc7 22. Qxc7 Nxc7 23. axb5 Nxb5 24. Rxa6 Nxd4 25. cxd4 Rc8 26. Ra2 d5 27. Rd3
Rc4 28. Kf2 h5 29. Ke3 Bf6 30. c3 Rc7 31. Ra3 Rb7 32. Rd2 g5 33. Rc2 Kg7 34.
Ra1 Kg6 35. h3 Rb8 36. Rf1 Rc8 37. Kd3 gxf4 38. Rxf4 Bg5 39. Rf1 Rc7 40. Rb1
Be7 41. Rcb2 Bd6 42. g4 hxg4 43. hxg4 Rc8 44. Rf1 Rc7 45. Rbf2 Bg3 46. Rf6+ Kg7
47. R6f3 Bh4 48. Rc1 Ra7 49. Rff1 Ra2 50. c4 dxc4+ 51. Rxc4 Rg2 52. Rc7 Bf6 53.
Rf4 Kg6 54. Re4 Bg5 55. Rc2 Rg1 56. Kc4 Rf1 57. Kc5 Bf4 58. d5 exd5 59. Kxd5
Kg5 60. Rg2 Rd1+ 1/2-1/2

[Event "2. Bundesliga Ost 2016/2017"]
[Site "alle Wien"]
[Date "2017.03.05"]
[Round "9"]
[Board "4"]
[White "Horvath, Dominik"]
[Black "Wagner, Stefan"]
[Result "0-1"]
[WhiteElo "2269"]
[BlackElo "2152"]
[PlyCount "76"]
[EventDate "2016.10.15"]
[EventType "team"]
[EventRounds "11"]
[EventCountry "AUT"]
[WhiteTeam "ASVOE Pamhagen"]
[BlackTeam "SK Hietzing"]

1. Nf3 Nf6 2. c4 c5 3. Nc3 g6 4. e4 Nc6 5. d4 cxd4 6. Nxd4 Bg7 7. Be3 O-O 8.
Be2 d6 9. O-O Bd7 10. Nc2 a5 11. f3 a4 12. Qd2 Qa5 13. Rab1 Nb4 14. Na3 Rfc8
15. c5 Be6 16. Bc4 dxc5 17. e5 Rd8 18. Qf2 Nfd5 19. Bxc5 Bxe5 20. Rfe1 Bf6 21.
Ne4 Bg7 22. Ng5 Bf5 23. Rbd1 Bxb2 24. Bxb4 Qxb4 25. Bxd5 e6 26. Bxb7 Qxb7 27.
Rxd8+ Rxd8 28. Qh4 f6 29. Nc4 fxg5 30. Qxg5 Bd4+ 31. Kh1 Rf8 32. Nd6 Qb4 33.
Qg3 Qc5 34. Nxf5 exf5 35. Qg5 Bf6 36. Qf4 a3 37. h3 Qd4 38. Qc7 Qc3 0-1

[Event "2. Bundesliga Ost 2016/2017"]
[Site "alle Wien"]
[Date "2017.03.05"]
[Round "9"]
[Board "5"]
[White "Stadler, Peter"]
[Black "Vitouch, Anatol"]
[Result "0-1"]
[WhiteElo "2082"]
[BlackElo "2320"]
[PlyCount "56"]
[EventDate "2016.10.15"]
[EventType "team"]
[EventRounds "11"]
[EventCountry "AUT"]
[WhiteTeam "SK Hietzing"]
[BlackTeam "ASVOE Pamhagen"]

1. Nf3 e6 2. g3 f5 3. Bg2 Nf6 4. O-O Be7 5. b3 O-O 6. Ba3 Bxa3 7. Nxa3 Qe7 8.
Nc4 d6 9. d4 Nc6 10. c3 e5 11. dxe5 dxe5 12. Qc2 Bd7 13. Rad1 Rae8 14. Nfd2 Qf7
15. e4 f4 16. Nf3 Qh5 17. gxf4 Bh3 18. Ncxe5 Nxe5 19. Nxe5 Bxg2 20. Kxg2 Ng4
21. Nf3 Rxf4 22. Rd5 Qg6 23. Rg5 Qh6 24. Qd3 Rxf3 25. Qd5+ Kh8 26. Kxf3 Nxh2+
27. Kg2 Nxf1 28. Re5 Qh2+ 0-1

[Event "2. Bundesliga Ost 2016/2017"]
[Site "alle Wien"]
[Date "2017.03.05"]
[Round "9"]
[Board "6"]
[White "Alvir, Aco"]
[Black "Prager, Manfred"]
[Result "1-0"]
[WhiteElo "2359"]
[BlackElo "1970"]
[PlyCount "57"]
[EventDate "2016.10.15"]
[EventType "team"]
[EventRounds "11"]
[EventCountry "AUT"]
[WhiteTeam "ASVOE Pamhagen"]
[BlackTeam "SK Hietzing"]

1. e4 c5 2. Nf3 d6 3. d4 cxd4 4. Nxd4 Nf6 5. Nc3 a6 6. Be3 e6 7. Qd2 Qc7 8. f3
Be7 9. g4 Nc6 10. O-O-O Nxd4 11. Bxd4 e5 12. Be3 Be6 13. g5 Nd7 14. h4 b5 15.
h5 Nb6 16. Bxb6 Qxb6 17. Bh3 Qa5 18. Kb1 b4 19. Nd5 Bxd5 20. exd5 h6 21. g6 Bg5
22. f4 Bxf4 23. gxf7+ Kxf7 24. Qg2 Bg5 25. Rhf1+ Ke8 26. Qe4 Bf6 27. Rxf6 gxf6
28. Qg6+ Kd8 29. Qg7 1-0

[Event "2. Bundesliga Ost 2016/2017"]
[Site "alle Wien"]
[Date "2017.03.05"]
[Round "9"]
[Board "1"]
[White "Stanec, Nikolaus"]
[Black "Rubil, Marko"]
[Result "1-0"]
[WhiteElo "2444"]
[BlackElo "2306"]
[PlyCount "45"]
[EventDate "2016.10.15"]
[EventType "team"]
[EventRounds "11"]
[EventCountry "AUT"]
[WhiteTeam "SC Donaustadt"]
[BlackTeam "SZ Favoriten"]

1. d4 d5 2. Nf3 Nf6 3. e3 c5 4. Nbd2 Nc6 5. c3 e6 6. Bd3 Be7 7. O-O O-O 8. b3
Bd7 9. Bb2 Rc8 10. Ne5 Be8 11. Qe2 a6 12. Rad1 Qc7 13. f4 b5 14. Kh1 Qa7 15.
Bb1 b4 16. c4 Qb6 17. dxc5 Bxc5 18. Nxc6 Bxc6 19. Bxf6 gxf6 20. Bxh7+ Kg7 21.
Qg4+ Kh8 22. Rf3 f5 23. Bxf5 1-0

[Event "2. Bundesliga Ost 2016/2017"]
[Site "alle Wien"]
[Date "2017.03.05"]
[Round "9"]
[Board "2"]
[White "Steiner, Bruno"]
[Black "Kummer, Helmut"]
[Result "1/2-1/2"]
[WhiteElo "2166"]
[BlackElo "2299"]
[PlyCount "50"]
[EventDate "2016.10.15"]
[EventType "team"]
[EventRounds "11"]
[EventCountry "AUT"]
[WhiteTeam "SZ Favoriten"]
[BlackTeam "SC Donaustadt"]

1. d4 d5 2. c4 c5 3. dxc5 d4 4. e3 e5 5. Nf3 Nc6 6. b4 Nxb4 7. Qa4+ Nc6 8. Nxe5
Bxc5 9. Nxc6 Qd7 10. Qb5 Qxc6 11. Qxc6+ bxc6 12. Bb2 Bb4+ 13. Ke2 c5 14. exd4
cxd4 15. Bxd4 Nf6 16. Nc3 Ba6 17. Nb5 O-O 18. Nc7 Bxc4+ 19. Kf3 Rac8 20. Bxc4
Rxc7 21. Bb3 Bc3 22. Rac1 Rfc8 23. Rxc3 Rxc3+ 24. Bxc3 Rxc3+ 25. Ke2 Kf8
 1/2-1/2

[Event "2. Bundesliga Ost 2016/2017"]
[Site "alle Wien"]
[Date "2017.03.05"]
[Round "9"]
[Board "3"]
[White "Pingitzer, Harald"]
[Black "Chulis, Alexander"]
[Result "1/2-1/2"]
[WhiteElo "2314"]
[BlackElo "2157"]
[PlyCount "52"]
[EventDate "2016.10.15"]
[EventType "team"]
[EventRounds "11"]
[EventCountry "AUT"]
[WhiteTeam "SC Donaustadt"]
[BlackTeam "SZ Favoriten"]

1. Nf3 d5 2. g3 c6 3. Bg2 Bf5 4. b3 Nf6 5. Bb2 h6 6. O-O e6 7. d3 Be7 8. Nbd2
O-O 9. e3 a5 10. a3 c5 11. Re1 Nc6 12. Ne5 Nxe5 13. Bxe5 a4 14. bxa4 Rxa4 15.
c4 b5 16. cxb5 Qa5 17. Qb3 Nd7 18. Bc7 Qxc7 19. Qxa4 Bxd3 20. Bf1 Bg6 21. e4
Bf6 22. Rac1 c4 23. Nxc4 dxc4 24. Qxc4 Qa5 25. Qc7 Nb6 26. e5 Bd8 1/2-1/2

[Event "2. Bundesliga Ost 2016/2017"]
[Site "alle Wien"]
[Date "2017.03.05"]
[Round "9"]
[Board "4"]
[White "Miazhynski, Yuri"]
[Black "Froewis, Annika"]
[Result "1-0"]
[WhiteElo "2059"]
[BlackElo "2101"]
[PlyCount "107"]
[EventDate "2016.10.15"]
[EventType "team"]
[EventRounds "11"]
[EventCountry "AUT"]
[WhiteTeam "SZ Favoriten"]
[BlackTeam "SC Donaustadt"]

1. e4 e5 2. f4 exf4 3. Be2 g5 4. h4 Bg7 5. hxg5 Qxg5 6. Bf3 Nc6 7. Ne2 Nge7 8.
d4 Ng6 9. Rh5 Qe7 10. Nbc3 d6 11. Nd5 Qd8 12. c3 Nce7 13. Nexf4 c6 14. Nxe7
Qxe7 15. Qe2 Be6 16. Nxe6 fxe6 17. Be3 Qf7 18. Qd2 O-O-O 19. O-O-O Kb8 20. Rdh1
Bf6 21. Bg4 Be7 22. d5 exd5 23. exd5 cxd5 24. Bf3 Ne5 25. Bxd5 Qg6 26. Qd4 Nd3+
27. Kd2 Nc5 28. Rh6 Qe8 29. b4 Qb5 30. bxc5 dxc5 31. Qe5+ Ka8 32. Kc1 c4 33.
Qxe7 Rxd5 34. Rxh7 Rhd8 35. Rh8 Qa5 36. Rxd8+ Rxd8 37. Kb2 Qb5+ 38. Qb4 Qd5 39.
Rc1 Qxg2+ 40. Rc2 Qd5 41. Rd2 Qxd2+ 42. Bxd2 Rxd2+ 43. Kc1 Rd8 44. Qxc4 b6 45.
Qc7 Rb8 46. Kc2 Rb7 47. Qd8+ Rb8 48. Qd5+ Rb7 49. a4 a5 50. Kd3 Ka7 51. Kc4
Rc7+ 52. Kb5 Rxc3 53. Qf7+ Kb8 54. Kxb6 1-0

[Event "2. Bundesliga Ost 2016/2017"]
[Site "alle Wien"]
[Date "2017.03.05"]
[Round "9"]
[Board "6"]
[White "Albadri, Samer"]
[Black "Karlusch, Albrecht"]
[Result "1-0"]
[WhiteElo "1956"]
[BlackElo "2142"]
[PlyCount "125"]
[EventDate "2016.10.15"]
[EventType "team"]
[EventRounds "11"]
[EventCountry "AUT"]
[WhiteTeam "SZ Favoriten"]
[BlackTeam "SC Donaustadt"]

1. e4 e6 2. d4 d5 3. Nc3 Bb4 4. e5 c5 5. Bd2 Nh6 6. Nb5 Bxd2+ 7. Qxd2 O-O 8. f4
a6 9. Nd6 cxd4 10. Nf3 f6 11. Bd3 Nc6 12. O-O fxe5 13. fxe5 Nxe5 14. Nxe5 Qxd6
15. Rxf8+ Qxf8 16. Rf1 Qe7 17. g4 Bd7 18. Qf4 Rd8 19. Kh1 Bc8 20. h3 Qd6 21.
Kg2 b5 22. a3 Qc7 23. Qxd4 g6 24. b4 Rf8 25. Rxf8+ Kxf8 26. Qf4+ Kg7 27. Nxg6
Qxf4 28. Nxf4 Nf7 29. Nh5+ Kf8 30. Bxh7 e5 31. Ng3 Ng5 32. Bf5 Bb7 33. h4 d4+
34. Kf2 Nh3+ 35. Kf1 Ke7 36. Be4 Bc8 37. g5 Nf4 38. Nf5+ Ke6 39. Ng3 Kf7 40. h5
Bh3+ 41. Ke1 Ne6 42. g6+ Kg7 43. Bf5 Bxf5 44. Nxf5+ Kf6 45. g7 Nxg7 46. Nxg7
Kxg7 47. Kd2 e4 48. c3 d3 49. c4 bxc4 50. a4 Kh6 51. b5 axb5 52. axb5 Kxh5 53.
b6 Kg4 54. b7 Kf3 55. b8=Q e3+ 56. Ke1 d2+ 57. Kd1 c3 58. Qb7+ Kf2 59. Qf7+ Kg2
60. Qg6+ Kf2 61. Qf5+ Kg3 62. Qg5+ Kf3 63. Qf6+ 1-0

[Event "2. Bundesliga Ost 2016/2017"]
[Site "alle Wien"]
[Date "2017.03.05"]
[Round "9"]
[Board "1"]
[White "Videki, Sandor"]
[Black "Szabo, Krisztian"]
[Result "1/2-1/2"]
[WhiteElo "2421"]
[BlackElo "2510"]
[PlyCount "53"]
[EventDate "2016.10.15"]
[EventType "team"]
[EventRounds "11"]
[EventCountry "AUT"]
[WhiteTeam "SC Data Technology Pressbaum/E."]
[BlackTeam "ASVOE Mattersburg"]

1. Nf3 d5 2. d4 Nf6 3. c4 e6 4. Nc3 dxc4 5. e3 a6 6. a4 c5 7. Bxc4 Nc6 8. O-O
Be7 9. dxc5 Qxd1 10. Rxd1 Bxc5 11. Bd2 b6 12. Be1 Bb7 13. Ne2 O-O 14. Ned4 Nxd4
15. Nxd4 Rfd8 16. Nb3 Be7 17. Bc3 Rxd1+ 18. Rxd1 Rd8 19. Rxd8+ Bxd8 20. Nd4 Nd5
21. Bd2 Bf6 22. f3 Kf8 23. Kf2 Bxd4 24. exd4 Ke7 25. Bxd5 Bxd5 26. a5 bxa5 27.
Bxa5 1/2-1/2

[Event "2. Bundesliga Ost 2016/2017"]
[Site "alle Wien"]
[Date "2017.03.05"]
[Round "9"]
[Board "2"]
[White "Certek, Pavel"]
[Black "Rumpl, Erwin"]
[Result "0-1"]
[WhiteElo "2249"]
[BlackElo "2317"]
[PlyCount "184"]
[EventDate "2016.10.15"]
[EventType "team"]
[EventRounds "11"]
[EventCountry "AUT"]
[WhiteTeam "ASVOE Mattersburg"]
[BlackTeam "SC Data Technology Pressbaum/E."]

1. d4 Nf6 2. Nf3 c5 3. e3 g6 4. Be2 Bg7 5. O-O cxd4 6. exd4 O-O 7. c3 d5 8. Bf4
Nc6 9. Ne5 Nd7 10. Nxd7 Bxd7 11. Bf3 e6 12. Qd2 Na5 13. Na3 Rc8 14. Rfe1 Re8
15. h4 Qb6 16. Rab1 Bf8 17. Be5 Qd8 18. Qf4 Be7 19. g3 b5 20. Bd6 Bxd6 21. Qxd6
Qc7 22. Qb4 Nc4 23. Nxc4 Qxc4 24. Qxc4 Rxc4 25. a3 a5 26. Be2 Rc7 27. Bd3 Rb8
28. Rec1 Rbc8 29. Rd1 b4 30. cxb4 axb4 31. Ra1 bxa3 32. Rxa3 Rb8 33. Rd2 Rb4
34. Be2 Kg7 35. Kg2 Rcb7 36. Ra2 Ba4 37. Kf1 h6 38. Ke1 Bb3 39. Ra1 g5 40. hxg5
hxg5 41. Ra3 Kf6 42. Ba6 Ra7 43. Be2 Rc7 44. Bd3 Ke7 45. Ke2 Rc1 46. Ke3 Re1+
47. Re2 Rd1 48. Rd2 Rc1 49. Ra7+ Kf6 50. Ra5 Bd1 51. Rb5 Ra4 52. b3 Ra3 53. Rb2
Rc3 54. Kd2 Rcxb3 55. R5xb3 Bxb3 56. Rb1 Ra2+ 57. Ke3 Bc2 58. Bxc2 Rxc2 59. Rb7
Rc3+ 60. Kd2 Rc4 61. Ke3 g4 62. Kd3 Ra4 63. Ke3 Kg6 64. Re7 Ra3+ 65. Ke2 Rf3
66. Rd7 f6 67. Rd8 Kf5 68. Rg8 Ra3 69. Rg7 e5 70. dxe5 fxe5 71. Rg8 Ra2+ 72.
Ke3 Ra3+ 73. Ke2 d4 74. Rg7 Ra2+ 75. Kd3 Kf6 76. Rg8 Kf7 77. Rxg4 Rxf2 78. Rh4
Ke6 79. Rg4 Kd5 80. Rg5 Ra2 81. g4 Rf2 82. Rh5 Rf3+ 83. Ke2 Rf4 84. Rh8 Rxg4
85. Kf3 Rg1 86. Rd8+ Kc4 87. Ra8 Rf1+ 88. Ke2 Rb1 89. Kf3 Rb3+ 90. Ke2 Kd5 91.
Rh8 Rb4 92. Kd1 e4 0-1

[Event "2. Bundesliga Ost 2016/2017"]
[Site "alle Wien"]
[Date "2017.03.05"]
[Round "9"]
[Board "3"]
[White "Weissenbeck, Manuel"]
[Black "Petran, Peter"]
[Result "0-1"]
[WhiteElo "2229"]
[BlackElo "2306"]
[PlyCount "80"]
[EventDate "2016.10.15"]
[EventType "team"]
[EventRounds "11"]
[EventCountry "AUT"]
[WhiteTeam "SC Data Technology Pressbaum/E."]
[BlackTeam "ASVOE Mattersburg"]

1. d4 g6 2. e4 Bg7 3. f4 c5 4. c3 Qa5 5. d5 d6 6. Nf3 Nf6 7. Nbd2 O-O 8. Bd3 b5
9. Qe2 a6 10. a4 c4 11. Bc2 Bb7 12. Nd4 Nbd7 13. Ra3 Qb6 14. a5 Qc7 15. O-O Nc5
16. g4 e5 17. dxe6 fxe6 18. b4 cxb3 19. N4xb3 Rae8 20. h3 d5 21. e5 Nfd7 22.
Nd4 g5 23. fxg5 Qxe5 24. Qxe5 Nxe5 25. N2f3 Nxf3+ 26. Nxf3 e5 27. g6 hxg6 28.
Bxg6 Rc8 29. Bf5 Rc7 30. Ng5 Bc8 31. Bh7+ Kh8 32. Bg6 Rxf1+ 33. Kxf1 Ne6 34.
Nxe6 Bxe6 35. Bd2 Bf6 36. Kg2 Kg7 37. Bd3 e4 38. Bb1 Bh4 39. Be3 Bf6 40. g5 Be5
 0-1

[Event "2. Bundesliga Ost 2016/2017"]
[Site "alle Wien"]
[Date "2017.03.05"]
[Round "9"]
[Board "4"]
[White "Brod, Manfred"]
[Black "Neumeier, Klaus"]
[Result "1/2-1/2"]
[WhiteElo "2277"]
[BlackElo "2286"]
[PlyCount "112"]
[EventDate "2016.10.15"]
[EventType "team"]
[EventRounds "11"]
[EventCountry "AUT"]
[WhiteTeam "ASVOE Mattersburg"]
[BlackTeam "SC Data Technology Pressbaum/E."]

1. e4 c5 2. Nf3 d6 3. d4 cxd4 4. Nxd4 Nf6 5. Nc3 g6 6. Be3 Bg7 7. f3 O-O 8. Qd2
Nc6 9. O-O-O d5 10. exd5 Nxd5 11. Nxc6 bxc6 12. Bd4 Bxd4 13. Qxd4 Qb6 14. Na4
Qc7 15. h4 Qg3 16. h5 e5 17. Qh4 Qf4+ 18. Qxf4 exf4 19. hxg6 hxg6 20. c4 Ne3
21. Rd4 g5 22. Rd6 Kg7 23. Bd3 Be6 24. Nc5 Rh8 25. Rxh8 Rxh8 26. Nxe6+ fxe6 27.
Rxe6 Rd8 28. Bc2 Nxc4 29. Rg6+ Kf7 30. Rxg5 Ne3 31. Ra5 Rd7 32. Rg5 Rd6 33. g3
Rh6 34. gxf4 Rh1+ 35. Kd2 Rh2+ 36. Kxe3 Rxc2 37. Ra5 Rxb2 38. Rxa7+ Kf6 39. Rc7
Rxa2 40. Rxc6+ Kf5 41. Rc5+ Kf6 42. Rd5 Ra1 43. Kf2 Rb1 44. Rd8 Ra1 45. Rd5 Rb1
46. f5 Kg5 47. Ke3 Re1+ 48. Kd2 Rf1 49. Ke2 Ra1 50. Rb5 Rc1 51. Ke3 Re1+ 52.
Kd4 Rd1+ 53. Ke5 Re1+ 54. Kd6 Kf6 55. Rd5 Re3 56. f4 Re4 1/2-1/2

[Event "2. Bundesliga Ost 2016/2017"]
[Site "alle Wien"]
[Date "2017.03.05"]
[Round "9"]
[Board "5"]
[White "Schmidrathner, Christian"]
[Black "Salamon, Werner"]
[Result "0-1"]
[WhiteElo "2084"]
[BlackElo "2157"]
[PlyCount "80"]
[EventDate "2016.10.15"]
[EventType "team"]
[EventRounds "11"]
[EventCountry "AUT"]
[WhiteTeam "SC Data Technology Pressbaum/E."]
[BlackTeam "ASVOE Mattersburg"]

1. e4 e5 2. Nf3 Nc6 3. Bb5 a6 4. Bxc6 dxc6 5. O-O f6 6. d4 exd4 7. Nxd4 c5 8.
Nb3 Qxd1 9. Rxd1 Bg4 10. f3 Be6 11. Be3 c4 12. Nc5 Bxc5 13. Bxc5 Ne7 14. Bxe7
Kxe7 15. c3 Rhd8 16. Na3 b5 17. Nc2 Rd6 18. Kf2 Rad8 19. Rxd6 Rxd6 20. Ke2 g5
21. Rd1 f5 22. exf5 Bxf5 23. Nd4 Bd3+ 24. Kf2 Kf6 25. g3 b4 26. Ne2 Rb6 27.
cxb4 c5 28. Nc3 Ke5 29. Re1+ Kd4 30. b5 axb5 31. Re8 b4 32. Rd8+ Ke5 33. f4+
gxf4 34. gxf4+ Kf5 35. Rf8+ Kg6 36. Nd5 Ra6 37. a3 c3 38. Rg8+ Kf7 39. Rg1 cxb2
40. axb4 b1=Q 0-1

[Event "2. Bundesliga Ost 2016/2017"]
[Site "alle Wien"]
[Date "2017.03.05"]
[Round "9"]
[Board "6"]
[White "Strodl, Joachim"]
[Black "Hudec, Marcus"]
[Result "1-0"]
[WhiteElo "2138"]
[BlackElo "2046"]
[PlyCount "125"]
[EventDate "2016.10.15"]
[EventType "team"]
[EventRounds "11"]
[EventCountry "AUT"]
[WhiteTeam "ASVOE Mattersburg"]
[BlackTeam "SC Data Technology Pressbaum/E."]

1. c4 c5 2. Nf3 Nf6 3. g3 Nc6 4. Bg2 e6 5. O-O Be7 6. d4 d5 7. cxd5 exd5 8. Nc3
h6 9. Bf4 Be6 10. Nb5 O-O 11. Nc7 Rc8 12. Nxe6 fxe6 13. Bh3 Qd7 14. Rc1 c4 15.
b3 b5 16. Qd2 Ne4 17. Qe3 Rce8 18. bxc4 bxc4 19. Rxc4 dxc4 20. Qxe4 Bf6 21. Rd1
Nb4 22. Qg6 c3 23. Bxh6 c2 24. Rc1 Bxd4 25. Nxd4 Qxd4 26. Bxe6+ Rxe6 27. Qxe6+
Kh7 28. Be3 Qd1+ 29. Kg2 Nd5 30. Qe4+ Kh8 31. Qh4+ Kg8 32. Qc4 Kh8 33. Bg5 Nb6
34. Qd3 Qxd3 35. exd3 Rc8 36. Be3 Nd5 37. Bd2 Nb6 38. Kf3 Na4 39. Bb4 Nb2 40.
Ke3 Re8+ 41. Kd2 Rd8 42. Be7 Rd7 43. Kxc2 Nxd3 44. Rd1 Rxe7 45. Rxd3 g6 46. Kd2
Kg7 47. Rd6 Rb7 48. Ra6 Kh6 49. Ke3 Kg5 50. h4+ Kf5 51. Kf3 Rg7 52. Ra5+ Ke6
53. Kg4 Rd7 54. f4 Kf6 55. Ra6+ Kf7 56. Rc6 Rb7 57. a4 Re7 58. a5 Rd7 59. a6
Kg7 60. h5 gxh5+ 61. Kxh5 Rd5+ 62. Kg4 Rd7 63. Kg5 1-0

[Event "2. Bundesliga Ost 2016/2017"]
[Site "alle Wien"]
[Date "2017.04.01"]
[Round "10"]
[Board "1"]
[White "Weinzettl, Ernst"]
[Black "Szabo, Krisztian"]
[Result "0-1"]
[WhiteElo "2274"]
[BlackElo "2510"]
[PlyCount "116"]
[EventDate "2016.10.15"]
[EventType "team"]
[EventRounds "11"]
[EventCountry "AUT"]
[WhiteTeam "ASVOE VHS Poechlarn"]
[BlackTeam "ASVOE Mattersburg"]

1. e4 e5 2. Nf3 Nc6 3. d4 exd4 4. Bc4 Nf6 5. O-O Nxe4 6. Re1 d5 7. Bxd5 Qxd5 8.
Nc3 Qa5 9. Nxe4 Be6 10. Neg5 O-O-O 11. Nxe6 fxe6 12. Rxe6 Bd6 13. Bg5 Rde8 14.
Qe2 Kd7 15. Rxe8 Rxe8 16. Qd3 h6 17. Bd2 Qh5 18. h3 Ne5 19. Nxe5+ Qxe5 20. f4
Qd5 21. Qg3 Re7 22. Re1 Rxe1+ 23. Bxe1 Bf8 24. Bf2 c5 25. b3 Qe6 26. Qd3 Kc6
27. a4 a6 28. b4 cxb4 29. Qxd4 Qd5 30. Qe3 Kd7 31. Qe2 h5 32. g4 g6 33. Kh2 Bd6
34. gxh5 Bxf4+ 35. Bg3 Bxg3+ 36. Kxg3 gxh5 37. Kh4 a5 38. Qf2 Kc6 39. Qe2 Kc5
40. Qb5+ Kd4 41. Qd3+ Ke5 42. Qg3+ Ke4 43. Qf2 Qf5 44. Qb6 Kf3 45. Qxb7+ Kf2
46. Qb5 Qe4+ 47. Kxh5 Qxc2 48. Qb6+ Ke2 49. Qe6+ Kd1 50. Qd5+ Kc1 51. Qg5+ Kb1
52. Qxa5 b3 53. Qe1+ Ka2 54. Qe6 Qc5+ 55. Kh6 Ka3 56. h4 b2 57. Qh3+ Kb4 58.
Qg4+ Ka5 0-1